Discursos leídos ante la Real Academia Española, en la recepción pública de Don Luis González Brabo [sic], el día 1º de marzo de 1863. (Record no. 154549)

MARC details
000 -LEADER
campo de control de longitud fija 01280nam a22002775i 4500
001 - NÚMERO DE CONTROL
campo de control 154549
003 - IDENTIFICADOR DE NÚMERO DE CONTROL
campo de control ES-MaACL
005 - FECHA Y HORA DE LA ÚLTIMA TRANSACCIÓN
campo de control 20251003165230.0
008 - DATOS DE LONGITUD FIJA--INFORMACIÓN GENERAL
campo de control de longitud fija 980929s1863 sp |||| | spa d
080 ## - NÚMERO DE LA CLASIFICACIÓN DECIMAL UNIVERSAL
Número de la Clasificación Decimal Universal 929 Martínez de la Rosa, Francisco
100 1# - ENTRADA PRINCIPAL--NOMBRE DE PERSONA
Nombre de persona González Bravo, Luis,
Fechas asociadas al nombre 1811-1871
9 (RLIN) 127400
245 10 - MENCIÓN DEL TÍTULO
Título Discursos leídos ante la Real Academia Española, en la recepción pública de Don Luis González Brabo [sic], el día 1º de marzo de 1863.
260 ## - PUBLICACIÓN, DISTRIBUCIÓN, ETC.
Lugar de publicación, distribución, etc. Madrid :
Nombre del editor, distribuidor, etc. [s.n.],
Fecha de publicación, distribución, etc. 1863 (
Fabricante Imp. y Estereotipia de M. Rivadeneyra)
300 ## - DESCRIPCIÓN FÍSICA
Extensión 82 p. ;
Dimensiones 26 cm.
505 8# - NOTA DE CONTENIDO CON FORMATO
Nota de contenido con formato Recoge el discurso de Luis González Bravo, y el de contestación de Cándido Nocedal
530 ## - NOTA DISPONIBLE DE FORMULARIO FÍSICO ADICIONAL
Nota de formato físico adicional disponible Disponible en formato digital.
594 ## - Nota al título y mención de responsabilidad
Nota al título y mención de responsabilidad Tema: Martínez de la Rosa.
600 14 - PUNTO DE ACCESO ADICIONAL DE MATERIA--NOMBRE DE PERSONA
Nombre de persona Martínez de la Rosa, Francisco,
Fechas asociadas al nombre 1787-1862
9 (RLIN) 78009
700 1# - ENTRADA AGREGADA--NOMBRE PERSONAL
Nombre de persona Nocedal, Cándido,
Fechas asociadas al nombre 1821-1885
9 (RLIN) 130505
710 2# - ENTRADA AGREGADA--NOMBRE DE ENTIDAD CORPORATIVA
Nombre de entidad corporativa o nombre de jurisdicción como elemento de entrada Real Academia Española
9 (RLIN) 6336
852 4# - LOCALIZACIÓN
Ubicación ES-MaACL
Número de control de estantería L-4914(22-5)
Nota libre - Donativo Roda
852 4# - LOCALIZACIÓN
Ubicación ES-MaACL
Número de control de estantería T-66-F-5
Nota libre - Enc. hol., falto de cub. original
-- - Enc. en un vol. facticio
852 4# - LOCALIZACIÓN
Ubicación ES-MaACL
Número de control de estantería F-M-III-M-E-F (III)
Nota libre - Enc. pasta española
856 4# - LOCALIZACIÓN Y ACCESO ELECTRÓNICOS
Identificador Uniforme de Recursos <a href="https://archive.org/details/A11410005 ">https://archive.org/details/A11410005 </a>
Nota pública Internet Archive
Holdings
Estatus retirado Estado de pérdida Estado de daño No para préstamo Colección Biblioteca de origen Biblioteca actual Ubicación en estantería Fecha de adquisición Fuente de adquisición Total de préstamos Signatura topográfica completa Código de barras Visto por última vez Precio de reemplazo Tipo de ítem Koha
        Colección digital Biblioteca del Ateneo de Madrid Biblioteca del Ateneo de Madrid Administración 17/01/2008     F-M-III-M-E-F (III) 1161637 23/02/2023 23/02/2023 Libro impreso antiguo
        Colección digital Biblioteca del Ateneo de Madrid Biblioteca del Ateneo de Madrid Depósito 2 17/01/2008     L-4914(22-5) 1161635 23/02/2023 23/02/2023 Libro impreso antiguo
        Colección de folletos Biblioteca del Ateneo de Madrid Biblioteca del Ateneo de Madrid Depósito folletos 17/01/2008     T-66-F-5 1161636 23/02/2023 23/02/2023 Folleto